000 00661nam a2200229Ia 4500
003 OSt
005 20221007065319.0
006 a|||||r|||| 00| 0
007 ta
008 221006b |||||||| |||| 00| 0 eng d
020 _a706900863
024 _a1,856
037 _cReference Collections
040 _aFLL
_cFLL
_beng
041 _2eng
_aeng
082 _aZ1p4:N67, L2
100 _aAnand R. P. Au.
245 0 _aAsian states and the development of universal international law
260 _aDelhi
_bVikas Publications India
_c1972
942 _hZ1p4:N67, L2
_cREF
_2CC
999 _c1136960
_d1136960